000 00451nam a2200181Ia 4500
001 45543
008 140428s9999 xx 000 0 und d
020 _aNA
040 _cPK-LaUMT
082 _aRHC 891.4393
_bSHA-P
100 _aShafique ur Rehman
245 _aParvaaz (Urdu)
_cShafique ur Rehman
260 _aLahore,Pakistan:
_bMaktabah Jamal,
_c1956
300 _a216 p.
546 _aUR
650 _aPakistani literature-Urdu
942 _cBK
999 _c43511
_d43511